000 01704nam a22002777a 4500
008 250709b |||||||| |||| 00| 0 eng d
020 _a9780751583700
040 _ctbs
041 _aeng
050 _aPS3618.E57275
_bH53 2022
100 _aRekulak, Jason
_925719
_eauthor
245 _aHidden pictures
_c/ Jason Rekulak ; illustrated by Will Staehle and Doogie Horner.
260 _aLondon :
_bSphere,
_c2023.
300 _a387 pages :
_billustrations (black and white) ;
_c20 cm.
520 _aMallory is delighted to have a new job looking after gorgeous four-year-old, Teddy. She’s been sober for a year and a half and she’s sure her new nannying role in the affluent suburbs will help keep her on the straight and narrow. That is until Teddy starts to draw disturbing pictures of his imaginary friend, Anya. It is quite clear to Mallory and to Teddy’s parents, even in his crude childlike style, that the woman Teddy is drawing in his pictures is dead. Teddy’s crayons are confiscated, and his paper locked away. But the drawings somehow keep coming, telling a frightening story of a woman murdered… and they’re getting more sophisticated. But if Teddy isn’t drawing the pictures anymore, who is? And what are they trying to tell Mallory about her new home?
650 0 _aNannies
_vFiction
_925721
650 0 _aMurder
_vFiction
_925440
650 0 _aSecrecy
_vFiction
_925722
650 0 _aChildren's drawings
_vFiction
_925723
655 0 _aHorror fiction
_922808
655 0 _aDetective and mystery fiction
_923664
655 0 _aParanormal fiction
_922925
700 _aStaehle, Will
_925724
_eillustrator
700 _aHorner, Doogie
_925725
_eillustrator
942 _2lcc
999 _c4842
_d4842